Alabanza al nombre muy adorable de Dios en reparación de los ultrajes que le hacen los blasfemos.

Detalles Bibliográficos
Formato: Libro
Publicado: Puebla 1867
Materias:
Colección:Banco de datos
Acervo:Biblioteca del Convento de Santa Mónica de la Ciudad de Puebla. Puebla
Tema general:Ascética
Notas:Buena. C3, 2.
LEADER 00616nam a22001810004500
035 |a 51055 
036 |a 823 
245 1 0 |a Alabanza al nombre muy adorable de Dios en reparación de los ultrajes que le hacen los blasfemos. 
260 |a Puebla  |b imp. T.F. Neve  |c 1867 
500 |a Buena. C3, 2. 
650 1 0 |a Ascética 
949 |a CRP 
959 |a Ex convento de Santa Mónica. Puebla, Puebla  |b CCC5 
960 |a Convento de Santa Mónica de la ciudad de Puebla  |b DD88 
961 |a Franciscana  |b OF 
942 |c CRP-SM 
943 |g Biblioteca del Convento de Santa Mónica de la Ciudad de Puebla. Puebla 
999 |c 961393  |d 961393